00326nam a2200109Ia 4500008004100000082001600041100002600057245003400083260004200117300000900159650004800168211109s9999||||xx |||||||||||||| ||und|| a821 bSMI-M aSmith, Logan Pearsall 0aMilton And His Modren Critics bOxford University PressaLondonc1941 a73p. aEnglish LiteraturevEnglish PoetryxEnglish